Kadrowicze Fernando Santosa - Statystyki

Ogólne statystyki
  • Ten quiz został rozwiązany 72 razy
    63 od ostatniego zresetowania
  • Średni wynik to 20 z 27
Statystyki odpowiedzi
Mecze Pozycja Piłkarz % Poprawnych
6 Bramkarz Wojciech Szczęsny
98%
6 Napastnik Robert Lewandowski
96%
6 Obrońca Jan Bednarek
95%
3 Napastnik Arkadiusz Milik
93%
5 Pomocnik Damian Szymański
93%
6 Pomocnik Sebastian Szymański
93%
5 Napastnik Karol Świderski
91%
6 Pomocnik Piotr Zieliński
91%
6 Obrońca Jakub Kiwior
89%
2 Pomocnik Grzegorz Krychowiak
86%
2 Pomocnik Kamil Grosicki
86%
4 Pomocnik Przemysław Frankowski
86%
4 Obrońca Bartosz Bereszyński
84%
3 Pomocnik Nicola Zalewski
84%
2 Obrońca Matty Cash
80%
4 Obrońca Tomasz Kędziora
77%
5 Pomocnik Jakub Kamiński
68%
5 Pomocnik Karol Linetty
68%
2 Pomocnik Krystian Bielik
59%
1 Pomocnik Bartosz Slisz
57%
5 Pomocnik Michał Skóraś
57%
1 Obrońca Bartosz Salamon
54%
1 Obrońca Mateusz Wieteska
54%
1 Obrońca Robert Gumny
54%
1 Pomocnik Paweł Wszołek
48%
1 Obrońca Michał Karbownik
36%
1 Pomocnik Jakub Błaszczykowski
32%
Nie znaleziono quizów pasujących do podanych kryteriów
Rozkład punktacji
Procent ludzi z każdym wynikiem
Percentyl według liczby udzielonych odpowiedzi
Twoja historia wyników
Nie rozwiązałeś tego quizu od ostatniego zresetowania